000 00502nam a2200181Ia 4500
003 GCL
008 140319s9999 xx 000 0 ara d
040 _aGCL /
_cGCL
082 0 4 _a155.23
_bم ت
100 1 _aمحمد خليفة بركات
245 1 0 _aتحليل الشخصية /
_cمحمد خليفة بركات
300 _a206 ص
490 _aفى علم النفس
_v0
650 0 4 _aعلم النفس
650 0 4 _aالشخصية
650 0 4 _aالشخصية , سلوك
942 _2ddc
_cBK
999 _c46853
_d46853